| 000 | 01056nam a2200265 i 4500 | ||
|---|---|---|---|
| 001 | 173877 | ||
| 003 | ES-MaACL | ||
| 005 | 20251007171507.0 | ||
| 007 | t| | ||
| 008 | 100127s1890 sp |||| | spa d | ||
| 110 | 2 |
_aReal Academia de Ciencias Exactas, Físicas y Naturales de España. _9175635 |
|
| 245 | 1 | 0 |
_aMemorias de la Real Academia de Ciencias _g1890. |
| 260 |
_aMadrid : _b[s.n.], _c1890 (Imp. de Luis Aguado) |
||
| 300 |
_a4 v. ; _c28 cm. |
||
| 504 | _aBibliografía crítica: v. 3-4. | ||
| 505 | 8 |
_aContiene: T. XV ; _tEstudios preliminares sobre los moluscos terrestres y marinos de España, Portugal y las Baleares / _rJ.G. Hidalgo (4 v.: 2431 p.) |
|
| 650 | 4 |
_aMoluscos- _zPenínsula Ibérica. _9142437 |
|
| 700 | 1 |
_aGonzález Hidalgo, Joaquín, _d1839-1923 _9127415 |
|
| 740 | 0 | 2 | _aEstudios preliminares sobre los moluscos terretres y marinos de España, Portugal y las Baleares. |
| 852 |
_aES-MaACL _jK-231 |
||
| 852 |
_aES-MaACL _jK-232 |
||
| 852 |
_aES-MaACL _jK-233 |
||
| 852 |
_aES-MaACL _jK-234 |
||
| 999 |
_c173877 _d173877 |
||